| 000 | 00529 a2200205 4500 | ||
|---|---|---|---|
| 005 | 20250224160321.0 | ||
| 008 | 250224b |||||||| |||| 00| 0 eng d | ||
| 020 |
_a9788131519547 _cRs. 835.00 |
||
| 040 | _aMAIN | ||
| 082 |
_a519.5 _bR361M(3) |
||
| 100 | _aRice, John A | ||
| 245 | _aMathematical statistics and data analysis | ||
| 250 | _a3rd | ||
| 260 |
_bCengage Learning India _aDelhi _c2024 |
||
| 300 | _a603 | ||
| 650 | _aStatistics | ||
| 650 | _aMathematical Statistics | ||
| 650 | _aData Analysis | ||
| 942 | _cBK | ||
| 999 |
_c360783 _d360783 |
||